Locos por Jesús

שמור ב:
מידע ביבליוגרפי
פורמט: ספר
שפה:ספרדית
יצא לאור: Miami. Unilit. c1999.
נושאים:
תגים: הוספת תג
אין תגיות, היה/י הראשונ/ה לתייג את הרשומה!

MARC

LEADER 00000nam a22000005a 4500
001 15038
003 CL-ChBUA
005 20120815103538.0
008 070301s1999 xxu 000 0 spa
040 |a CL-ChBUA  |c CL-ChBUA 
082 0 0 |a 248.4 
090 |c 15038  |d 15038 
245 1 0 |a Locos por Jesús 
260 |b Unilit.  |a Miami.  |c c1999. 
300 |a 374 p.  |c 20 cm. 
504 |a Indice. 
650 4 |a VIDA CRISTIANA. 
942 |c LIB 
952 |0 0  |1 0  |4 0  |7 0  |9 21055  |a UNACH  |b UNACH  |c 200  |d 2007-03-05  |i 34.628.  |l 0  |o 248.4 / L 819.  |p 22054  |r 2012-12-27 00:00:00  |u 21055  |w 2012-08-08  |y LIB  |k 248.4 / L 819. 
999 |c 15038  |d 15038